Hits of Roshan / (Record no. 45361)

MARC details
000 -LEADER
fixed length control field 01118njm a22002777a 4500
005 - DATE AND TIME OF LATEST TRANSACTION
control field 20100909110752.0
007 - PHYSICAL DESCRIPTION FIXED FIELD--GENERAL INFORMATION
fixed length control field sd ammalaaahaa
008 - FIXED-LENGTH DATA ELEMENTS--GENERAL INFORMATION
fixed length control field 100907t xxu||||| |||| 00| 0 eng d
028 ## - PUBLISHER NUMBER
Publisher number N. 5099
Source Angel Record
035 ## - SYSTEM CONTROL NUMBER
System control number GR-02205
040 ## - CATALOGING SOURCE
Original cataloging agency SED/VEN
100 ## - MAIN ENTRY--PERSONAL NAME
Personal name Dey, Manna
9 (RLIN) 18700
245 ## - TITLE STATEMENT
Title Hits of Roshan /
Statement of responsibility, etc by Manna Dey;lyrics Sahir Ludhiyanvi
246 ## - VARYING FORM OF TITLE
Title proper/short title हिट्स ऑफ़ रोशन/ मन्ना डे द्वारा
260 ## - PUBLICATION, DISTRIBUTION, ETC. (IMPRINT)
Place of publication, distribution, etc Dam Dam, India
Name of publisher, distributor, etc Long Playing
300 ## - PHYSICAL DESCRIPTION
Extent 1 Sound Disc [Gramophone Record] :
Other physical details analog.33 1/2 rpm
Dimensions 12.5 in (LP)
Type of unit Gramophone Record
500 ## - GENERAL NOTE
General note Brief Record
505 ## - FORMATTED CONTENTS NOTE
Formatted contents note Side 1- जो वडा किया था (Jo wada kiya tha)--Side-2 संसार से भागे फिरते हो (Sansaar se bhage firte ho) (Manna dey)
650 ## - SUBJECT ADDED ENTRY--TOPICAL TERM
Topical term or geographic name as entry element Classical Music
General subdivision Excerpts
Geographic subdivision India
9 (RLIN) 18707
700 ## - ADDED ENTRY--PERSONAL NAME
9 (RLIN) 18701
Personal name Sahir, ludhiyanvi
700 ## - ADDED ENTRY--PERSONAL NAME
9 (RLIN) 18729
Personal name Badayuni, Shakeel
700 ## - ADDED ENTRY--PERSONAL NAME
9 (RLIN) 18702
700 ## - ADDED ENTRY--PERSONAL NAME
9 (RLIN) 19401
942 ## - ADDED ENTRY ELEMENTS (KOHA)
Source of classification or shelving scheme Dewey Decimal Classification
Item type Gramaphone Records
Holdings
Withdrawn status Lost status Source of classification or shelving scheme Damaged status Not for loan Collection code Home library Current library Date acquired Source of acquisition Total Checkouts Barcode Date last seen Copy number Price effective from Koha item type
    Dewey Decimal Classification   Not For Loan Non-fiction Central Library Central Library 13/09/2010 SED/VEN   GR-02205 13/09/2010 1 13/09/2010 Gramaphone Records

© Delhi Public Library
Hit Counter
free hit counter